00423 2200157 4500245008600000250001100086100001900097700001900116650002700135005001900162260003000181041001400211084000800225300002300233336000900256 aKamus Lengkap Bahasa Indonesia untuk SD , SLTP , SMU & UmumcAnanda SantosohText aCet. 1 aAnanda Santoso aA. R. AL Hanif aKamus Bahasa Indonesia a20240903094015 aSurabayabAlumni Surabaya aIndonesia a413 a480 hlm. :c21 cm. atext